000 01271nam a22002177a 4500
999 _c5568
_d5568
003 OSt
005 20251003084909.0
008 251003b ||||| |||| 00| 0 eng d
020 _a9780751584578
040 _cKH8
082 _aFIC ALB
100 _aAlbom, Mitch,
_eauthor.
245 _aThe Little Liar /
_cMitch Albom.
260 _aUS ;
_bHarper Collins Publisher ,
_c2023.
300 _a333 pages :
_c23 cm.
520 _aWhen the Nazis invade Salonika, Greece, eleven-year-old Nico Crispi is offered a chance to save his family. He is instructed to convince his fellow Jewish residents to board trains heading towards the east, where they are promised jobs and safety. He dutifully goes to the station platform every day and reassures the passengers that the journey is safe. Only after it is too late does Nico discover that the people he loved would never return. In The Little Liar, Nico's story is interweaved with other individuals impacted by the occupation: his brother Sebastian, their schoolmate Fanni and the Nazi officer who radically changed their lives. As the decades pass, the consequences of what they endured come to light.
650 _aHistorical
_vfiction
650 _aWorld War II
_vFiction
650 _aWar
_vFiction
942 _2ddc
_cFIC